Mysteries of science ; a study of the limitations of the scientific method.

Bibliographic Details
Main Author: Rowland, John, 1907-1984
Format: Book
Language:English
Published: New York : Philosophical Library, [1957]
Subjects:

MARC

Tag First Indicator Second Indicator Subfields
LEADER 00000cam a2200000 4500
001 in00000023471
005 20151007064440.0
008 750909s1957 nyu b 10100 eng
010 |a  57003297  
035 |a (OCoLC)01613478 
035 |9 AAD9852AM 
040 |a DLC  |c FBA  |d TXA  |d UtOrBLW 
049 |a TXAM  |c [291788] 
050 1 4 |a Q175  |b .R7 1957 
082 0 |a 501 
092 |a 501  |b R883m 
100 1 |a Rowland, John,  |d 1907-1984. 
245 1 0 |a Mysteries of science ;  |b a study of the limitations of the scientific method. 
264 1 |a New York :  |b Philosophical Library,  |c [1957] 
300 |a 214 pages ;  |c 28 cm. 
336 |a text  |b txt  |2 rdacontent 
337 |a unmediated  |b n  |2 rdamedia 
338 |a volume  |b nc  |2 rdacarrier 
504 |a Includes bibliography. 
650 0 |a Science  |x Philosophy. 
650 0 |a Science  |x Methodology. 
999 |a MARS 
999 f f |s f255fbf8-bc56-3ffd-b3c7-3798ab31cec3  |i e1da1ae4-1468-3db4-8979-f79fb7426a64  |t 0 
952 f f |p ric  |a Texas A&M University  |b Rellis Campus  |c Joint Library Facility  |d Remote Storage  |t 0  |e Q175 .R7 1957  |h Library of Congress classification  |i unmediated -- volume  |m A14800891513 
998 f f |a Q175 .R7 1957  |t 0  |l Remote Storage